Flagi z flagą Wielkiej Brytanii (Union Jack) - Statystyki

Ogólne statystyki
  • Ten quiz został rozwiązany 30 razy
  • Średni wynik to 4 z 5
Statystyki odpowiedzi
Obrazkowy Odpowiedź % Poprawnych
Australia
96%
Nowa Zelandia
96%
Wielka Brytania
92%
Fidżi
88%
Tuvalu
68%
Nie znaleziono quizów pasujących do podanych kryteriów
Rozkład punktacji
Procent ludzi z każdym wynikiem
Percentyl według liczby udzielonych odpowiedzi
Twoja historia wyników
Nie rozwiązałeś tego quizu